书目信息 |
| 题名: |
CEPA先锋
|
|
| 作者: | 王英伟 著 | |
| 分册: | ||
| 出版信息: | 北京 中国经济出版社 2005.01 |
|
| 页数: | 376页 | |
| 开本: | 26cm | |
| 丛书名: | ||
| 单 册: | ||
| 中图分类: | F832.48 | |
| 科图分类: | ||
| 主题词: | 金融 , 银行 | |
| 电子资源: | ||
| ISBN: | 7-5017-6731-9 | |
| 000 | 00723nam0 2200229 450 | |
| 001 | 0768742307 | |
| 005 | 20071213190617.41 | |
| 010 | @a7-5017-6731-9@dCNY98.00 | |
| 100 | @a20071213d2005 km y0chiy0120 ea | |
| 101 | 0 | @achi |
| 102 | @aCN@b110000 | |
| 200 | 1 | @aCEPA先锋@ACEPA xian feng@e内地营商环境VS香港企业攻略@f王英伟著@Fwang ying wei zhu |
| 210 | @a北京@c中国经济出版社@d2005.01 | |
| 215 | @a376页@d26cm | |
| 517 | 1 | @a内地营商环境VS香港企业攻略@Anei di ying shang huan jing VS xiang gang qi ye gong lue |
| 606 | 0 | @a金融 |
| 606 | 0 | @a银行 |
| 690 | @aF832.48@v4 | |
| 701 | 0 | @a王英伟@Awang ying wei@4著 |
| 801 | 0 | @aCN@b大连网信软件有限公司图书馆@c20071213 |
| 905 | @aBZT@dF832.48@e1 | |
| 906 | @dCNY98.00@n0@r1 | |
| CEPA先锋:内地营商环境VS香港企业攻略/王英伟著.-北京:中国经济出版社,2005.01 |
| 376页;26cm |
| ISBN 7-5017-6731-9:CNY98.00 |
| ● |
| 相关链接 |
|
|
|
正题名:CEPA先锋
索取号:F832.48/1
 
预约/预借
| 序号 | 登录号 | 条形码 | 馆藏地/架位号 | 状态 | 备注 |
| 1 | 608895 | 2000608895 | 中心书库北库/ 北库034架B面3列1层30/ [索取号:F832.48/1] | 在馆 | |
| 2 | 608896 | 2000608896 | 中心书库北库/ 北库034架B面3列1层31/ [索取号:F832.48/1] | 在馆 | |
| 3 | 608897 | 2000608897 | 中心书库北库/ 北库034架B面3列1层32/ [索取号:F832.48/1] | 在馆 | |
| 4 | 608898 | 2000608898 | 中心书库北库/ 北库034架B面3列1层33/ [索取号:F832.48/1] | 在馆 | |
| 5 | 608899 | 2000608899 | 中心书库北库/ 北库034架B面3列1层34/ [索取号:F832.48/1] | 在馆 |